[Event "Zurich Korchnoi CC Blitz"]
[Site "Zurich SUI"]
[Date "2017.04.17"]
[Round "1.3"]
[White "Oparin,G"]
[Black "Gelfand,B"]
[Result "1/2-1/2"]
[WhiteTitle "GM"]
[BlackTitle "GM"]
[WhiteElo "2604"]
[BlackElo "2724"]
[WhiteFideId "24125890"]
[BlackFideId "2805677"]
[EventDate "2017.04.17"]

1. e4 c5 2. Nf3 d6 3. d4 cxd4 4. Nxd4 Nf6 5. Nc3 a6 6. Qd3 e6 7. a4 Nc6 8. Nxc6
bxc6 9. Qg3 d5 10. Bd3 g6 11. O-O Bg7 12. a5 O-O 13. Re1 d4 14. Nb1 Nh5 15. Qf3
e5 16. Nd2 Nf4 17. Nc4 Nxd3 18. Qxd3 Be6 19. Bd2 c5 20. Nb6 Ra7 21. b4 cxb4 22.
Bxb4 Re8 23. c4 dxc3 24. Qxc3 Rc7 25. Qa3 Bf8 26. Rad1 Qg5 27. Bxf8 Rxf8 28. Nd5
Rd7 29. Rd3 Rc8 30. h3 Rc4 31. Qb3 Rd4 32. Rxd4 exd4 33. Qd3 Bxd5 34. exd5 Qxd5
35. Qxa6 d3 36. Rd1 d2 37. Qe2 Rd8 38. a6 Qd4 39. a7 Qxa7 40. Rxd2 1/2-1/2

[Event "Zurich Korchnoi CC Blitz"]
[Site "Zurich SUI"]
[Date "2017.04.17"]
[Round "3.1"]
[White "Oparin,G"]
[Black "Pelletier,Y"]
[Result "1/2-1/2"]
[WhiteTitle "GM"]
[BlackTitle "GM"]
[WhiteElo "2604"]
[BlackElo "2541"]
[WhiteFideId "24125890"]
[BlackFideId "1301837"]
[EventDate "2017.04.17"]

1. Nf3 Nf6 2. g3 d5 3. Bg2 c6 4. O-O Bg4 5. d3 Nbd7 6. c4 Bxf3 7. Bxf3 dxc4 8.
dxc4 Ne5 9. Nd2 Nxf3+ 10. Nxf3 Qxd1 11. Rxd1 e6 12. Be3 Be7 13. Rd3 a6 14. a4
Nd7 15. Rad1 O-O-O 16. Ng5 Bxg5 17. Bxg5 f6 18. Be3 Ne5 19. Rxd8+ Rxd8 20. Rxd8+
Kxd8 21. b3 g6 22. h3 f5 23. f3 Ke7 24. Kf2 Nd7 25. Ke1 Kd6 26. Kd2 b5 27. cxb5
cxb5 28. axb5 axb5 29. Kc3 Nf6 30. Bh6 Nd5+ 31. Kd3 e5 32. e4 Nb4+ 33. Kc3 Nc6
34. Bf8+ Ke6 35. Bc5 fxe4 36. fxe4 h5 37. Kd3 Na5 38. Kc3 Nc6 39. Kd3 1/2-1/2

[Event "Zurich Korchnoi CC Blitz"]
[Site "Zurich SUI"]
[Date "2017.04.17"]
[Round "4.4"]
[White "Gelfand,B"]
[Black "Nepomniachtchi,I"]
[Result "1/2-1/2"]
[WhiteTitle "GM"]
[BlackTitle "GM"]
[WhiteElo "2724"]
[BlackElo "2751"]
[WhiteFideId "2805677"]
[BlackFideId "4168119"]
[EventDate "2017.04.17"]

1. Nf3 Nf6 2. c4 c5 3. Nc3 d5 4. cxd5 Nxd5 5. e3 Nxc3 6. bxc3 g6 7. Bb5+ Bd7 8.
Be2 Bg7 9. O-O O-O 10. d4 Qa5 11. Qb3 Bc6 12. Bd2 Nd7 13. c4 Qa6 14. Bc3 Rab8
15. Rac1 Rfd8 16. d5 Bxd5 17. cxd5 Qxe2 18. Bxg7 Kxg7 19. Rfe1 Qa6 20. e4 e5 21.
dxe6 Qxe6 22. Qa3 a6 23. Qb2+ Kg8 24. Ng5 Qe5 25. Qd2 Nf6 26. Qe3 Ng4 27. Nf3
Qb2 28. Qf4 Nxf2 29. Ng5 f6 30. Ne6 Re8 31. Qc7 Rxe6 32. Qxb8+ Kf7 33. Qc7+ Re7
34. Qxc5 Nxe4 35. Rxe4 Rxe4 36. Qd5+ Kg7 37. Qd7+ Kh6 38. Qh3+ Kg5 39. Qg3+ Kh6
40. Qh3+ Kg5 41. Qg3+ Kf5 42. Rf1+ Ke6 43. Qh3+ Kd6 44. Qxh7 Qd4+ 45. Kh1 Rf4
46. Re1 Qe5 47. Rg1 Rb4 48. Qxg6 Kc6 49. Qc2+ Kb6 1/2-1/2

[Event "Zurich Korchnoi CC Blitz"]
[Site "Zurich SUI"]
[Date "2017.04.17"]
[Round "6.3"]
[White "Pelletier,Y"]
[Black "Nepomniachtchi,I"]
[Result "0-1"]
[WhiteTitle "GM"]
[BlackTitle "GM"]
[WhiteElo "2541"]
[BlackElo "2751"]
[WhiteFideId "1301837"]
[BlackFideId "4168119"]
[EventDate "2017.04.17"]

1. Nf3 c5 2. c4 Nf6 3. Nc3 d5 4. cxd5 Nxd5 5. e4 Nb4 6. Bb5+ Bd7 7. a3 N4c6 8.
d4 cxd4 9. Nxd4 Nxd4 10. Qxd4 Nc6 11. Qe3 g6 12. O-O Bg7 13. Rd1 O-O 14. Bxc6
bxc6 15. Na4 Qc7 16. Bd2 Be5 17. g3 Bg4 18. Rdc1 Rfd8 19. Bc3 Bxc3 20. Rxc3 Rd6
21. Kg2 Qd7 22. h4 Rd8 23. Nc5 Qc8 24. Rd3 a5 25. Rc1 h5 26. Rxd6 exd6 27. Nd3
Re8 28. Qd4 Qd7 29. Nf4 Be6 30. Qc3 c5 31. Qxa5 Qb7 32. Qd2 Qxe4+ 33. f3 Qb7 34.
Re1 Rb8 35. b4 Bc4 36. Qxd6 cxb4 37. axb4 Ra8 38. Rd1 Ra3 39. Nd5 Ra2+ 40. Kg1
Bxd5 41. Qxd5 Qb6+ 42. Qd4 Qe6 43. Rf1 Qh3 44. Rf2 Qxg3+ 45. Kf1 Qh3+ 46. Kg1
Ra8 47. b5 Re8 48. Qb4 Rd8 49. Qb1 Qg3+ 50. Rg2 Qxf3 51. Kh2 Qf4+ 52. Kg1 Qd4+
53. Rf2 Qg4+ 54. Kh2 Rd1 0-1

[Event "Zurich Korchnoi CC Blitz"]
[Site "Zurich SUI"]
[Date "2017.04.17"]
[Round "7.3"]
[White "Nepomniachtchi,I"]
[Black "Oparin,G"]
[Result "0-1"]
[WhiteTitle "GM"]
[BlackTitle "GM"]
[WhiteElo "2751"]
[BlackElo "2604"]
[WhiteFideId "4168119"]
[BlackFideId "24125890"]
[EventDate "2017.04.17"]

1. e4 c5 2. Nf3 d6 3. d4 cxd4 4. Nxd4 Nf6 5. Nc3 a6 6. Nb3 e6 7. g4 b5 8. a3 Bb7
9. Bg2 Nfd7 10. g5 Nc6 11. h4 Be7 12. f4 h6 13. Qg4 b4 14. Ne2 bxa3 15. bxa3 Qc7
16. Bb2 hxg5 17. hxg5 Rxh1+ 18. Bxh1 g6 19. Qh3 Na5 20. Qh8+ Nf8 21. Nxa5 Qxa5+
22. Bc3 Qc5 23. Qh3 e5 24. Rb1 Bc6 25. Bb4 Qc4 26. Rb3 Bb5 27. Bf3 a5 28. Bd2
Bd7 29. f5 Qxc2 30. Rc3 Qb1+ 31. Rc1 Qb3 32. Nc3 Rc8 33. Qf1 Bxg5 34. Bxg5 Rxc3
35. Rxc3 Qxc3+ 36. Kf2 gxf5 37. Qb1 Ne6 38. Bf6 Nd4 39. Be2 Qc2 40. Qxc2 Nxc2
41. exf5 Bxf5 42. a4 Bd7 43. Bd1 Nb4 44. Bg5 Nd3+ 45. Kg3 Nb2 46. Be2 Nxa4 47.
Bd2 Nc5 48. Bxa5 Ke7 49. Bb4 f5 50. Ba3 Kf6 51. Bc4 Be6 52. Bb5 f4+ 53. Kf3 Kg5
54. Bc6 Bg4+ 55. Kg2 e4 56. Bxc5 dxc5 57. Bxe4 Kf6 58. Kf2 Ke5 59. Bg6 0-1